000
00303nam a22001337a 4500
008
180730b xxu||||| |||| 00| 0 eng d
082
_a
813.52
245
_a
The Art of public speaking
_c
Lucas,S.E
260
_c
2009
300
_a
1
_f
CD
440
_x
9780077262242
760
_b
10th
942
_2
ddc
_c
MX
999
_c
46667
_d
46667